000 00259pam a2200121 a 4500
020 _c
041 _h
082 _a708
_bAVA
245 _aRaza
_hTextual Documents
260 _a[s.l]:
_bVadhera Art Gallery,
_c1997.
300 _a100:
_bpaper.
930 _a7072
999 _c240862
_d240862